Business & professional ethics for directors, executives and accountants / (Record no. 5493)

MARC details
000 -LEADER
fixed length control field 01289nam a2200217Ia 4500
020 ## - INTERNATIONAL STANDARD BOOK NUMBER
ISBN 9780324594775
020 ## - INTERNATIONAL STANDARD BOOK NUMBER
ISBN 0324594771
050 ## - CALL NUMBER
Classification number HF5657
Item number .B74
100 1# - AUTHOR
Personal name Brooks, Leonard J.
245 10 - TITLE
Title Business & professional ethics for directors, executives and accountants /
Statement of responsibility, etc Leonard J. Brooks, Paul Dunn.
250 ## - EDITION
Edition statement Fifth edition.
260 ## - PUBLICATION INFORMATION
Place of publication Mason, OH
Name of publisher Cengage Learning
Year of publication 2010
300 ## - DESCRIPTION
Number of Pages xix, 575 pages :
Other physical details illustrations ;
Dimensions 26 cm.
500 ## - NOTES
General note Inculdes bibliographical references and index.
505 ## - FORMATTED CONTENTS NOTE
Table of Content Part I: THE ETHICS ENVIRONMENT. <br/>Chapter 1. Ethics Expectations. <br/>Chapter 2. Enron Events Motivate Governance and Ethics Reform. <br/><br/>Part II: ETHICAL BEHAVIOR. <br/>Chapter 3. Philosophers' Contributions. <br/>Chapter 4. Practical Ethical Decision Making. <br/><br/>Part III: ETHICAL GOVERNANCE & ACCOUNTABILITY. <br/>Chapter 5. Corporate Ethical Governance & Accountability. <br/>Chapter 6. Professional Accounting in the Public Interest, Post-Enron. <br/>Part IV: SIGNIFICANT ETHICS ISSUES FACING BUSINESS AND THE ACCOUNTING PROFESSION. <br/>Chapter 7. Managing Ethics Risks and Opportunities.
650 #0 - SUBJECTS
Topical Term Accountants
General subdivision Professional ethics.
650 #0 - SUBJECTS
Topical Term Executives
General subdivision Professional ethics.
650 #0 - SUBJECTS
Topical Term Accounting
General subdivision Moral and ethical aspects.
700 1# - OTHER AUTHORS
Personal name Dunn, Paul.
942 ## - ADDED ENTRY ELEMENTS (KOHA)
Koha item type Books
Holdings
Withdrawn status Lost status Home library Current library Shelving location Date acquired Full call number Accession Number Koha item type Collection code
    Methodist University Library Main Methodist University Library Main General Stacks 26/06/2012 HF5657 .B74 33582 Books  
    Methodist University Library Main Methodist University Library Main General Stacks 26/06/2012 HF5657 .B74 33583 Books Reference
    Methodist University Library Main Methodist University Library Main General Stacks 26/06/2012 HF5657 .B74 33581 Books Non-fiction
    Methodist University Library Main Methodist University Library Main General Stacks 26/06/2012 HF5657 .B74 33584 Books Reference
    Methodist University Library Main Methodist University Library Main General Stacks 26/06/2012 HF5657 .B74 38629 Books Non-fiction
Copyright © 2026  MUG Library